00453nam a22001457a 450000500170000000800410001702000150005804100130007308200130008610000130009924500810011226000570019330000320025065000250028220240123065408.0240123b |||||||| |||| 00| 0 eng d a0409004073 aEnglish  a349 JOU  lEnglish  aThe Law of South Africa : Cumulative Supplement 1984 / cedited by JA Faris  aDurban : bButterworth Publishers (Pty) Ltd, c1984  bxvii, 478 pages ; c26 cm.  aLegal practice bLaw